Directive 2002/91/EC of the European Parliament and of the Council of 16 December 2002 on the energy performance of buildings (Record no. 106629)
[ view plain ]
| 000 -LEADER | |
|---|---|
| fixed length control field | 01469cam a2200217 4500 |
| 001 - CONTROL NUMBER | |
| control field | L137070 |
| 008 - FIXED-LENGTH DATA ELEMENTS--GENERAL INFORMATION | |
| fixed length control field | 070313s2002 xxk f 000 0 eng d |
| 035 ## - SYSTEM CONTROL NUMBER | |
| System control number | (Sirsi) u137070 |
| 041 0# - LANGUAGE CODE | |
| Language code of text/sound track or separate title | eng |
| 050 04 - LIBRARY OF CONGRESS CALL NUMBER | |
| Classification number | 697 $2 18 |
| 245 00 - TITLE STATEMENT | |
| Title | Directive 2002/91/EC of the European Parliament and of the Council of 16 December 2002 on the energy performance of buildings |
| Medium | [electronic resource] |
| 260 ## - PUBLICATION, DISTRIBUTION, ETC. | |
| Place of publication, distribution, etc. | Brussels |
| Name of publisher, distributor, etc. | Europa |
| Date of publication, distribution, etc. | 2002 |
| 490 #0 - SERIES STATEMENT | |
| Series statement | Directive |
| Volume/sequential designation | 2002/91/EC |
| 520 ## - SUMMARY, ETC. | |
| Summary, etc. | Establishes specific measures to improve the energy performance of buildings within the Community, taking into account outdoor climatic and local conditions, in addition to indoor climate requirements and cost-effectiveness. Sets out the following requirements: a general framework for a methodology of calculation of the integrated energy performance of buildings; the application of minimum requirements on the energy performance of new buildings and large existing buildings that are subject to major renovation; energy certification of buildings; and regular inspection of boilers and of air-conditioning systems in buildings. |
| 650 24 - SUBJECT ADDED ENTRY--TOPICAL TERM | |
| Topical term or geographic name entry element | DIRECTIVE 2002/91/EC |
| 651 #4 - SUBJECT ADDED ENTRY--GEOGRAPHIC NAME | |
| Geographic name | EUROPEAN UNION |
| 690 ## - LOCAL SUBJECT ADDED ENTRY--TOPICAL TERM (OCLC, RLIN) | |
| Topical term or geographic name as entry element | ENVIRONMENTAL AND LAND CONSULTANCY-ENERGY-ENERGY USE |
| 690 ## - LOCAL SUBJECT ADDED ENTRY--TOPICAL TERM (OCLC, RLIN) | |
| Topical term or geographic name as entry element | BUILT ENVIRONMENT-BUILDING STANDARDS |
| 856 40 - ELECTRONIC LOCATION AND ACCESS | |
| Uniform Resource Identifier | <a href="https://eur-lex.europa.eu/LexUriServ/LexUriServ.do?uri=CELEX:32002L0091:EN:HTML">https://eur-lex.europa.eu/LexUriServ/LexUriServ.do?uri=CELEX:32002L0091:EN:HTML</a> |
| Public note | View the directive free of charge at http://eur-lex.europa.eu... |
| 942 ## - ADDED ENTRY ELEMENTS (KOHA) | |
| Suppress in OPAC | 0 |
| Withdrawn status | Lost status | Source of classification or shelving scheme | Damaged status | Not for loan | Home library | Current library | Shelving location | Date acquired | Total Checkouts | Full call number | Barcode | Date last seen | Copy number | Price effective from | Koha item type |
|---|---|---|---|---|---|---|---|---|---|---|---|---|---|---|---|
| Dewey Decimal Classification | Virtual | Virtual | Online | 13/03/2007 | ONLINE PUBLICATION | 137070-2001 | 06/08/2019 | 1 | 06/08/2019 | Book |